NBA All 1970s Team - Statistics

General Stats
  • This quiz has been taken 223 times
  • The average score is 11 of 15
Answer Stats
Postion Team Answer % Correct
C BucksLakers Kareem Abdul-jabbar
98%
G Spurs George Gervin
87%
F 76ers Julius Erving
87%
F Celtics John Havlicek
86%
G KnicksCavaliers Walt Frazier
86%
G HawksJazz Pete Maravich
85%
G Lakers Jerry West
83%
C Celtics Dave Cowens
77%
F RocketsBullets Elvin Hayes
77%
F NetsWarriors Rockets Rick Barry
73%
C BravesKnicks Celtics Pistons Bob McAdoo
69%
G KingsNets Braves Celtics Nate Archibald
61%
F 76ers Billy Cunningham
40%
G CelticsSuns Paul Westphal
32%
F RocketsSuperSonics Knicks Jazz Lakers Spencer Haywood
30%
No matching quizzes found
Score Distribution
Percent of People with Each Score
Percentile by Number Answered
Your Score History
You have not taken this quiz